000 00675nam a2200289Ia 4500
005 20260324151002.0
008 008 260324s9999 xx 000 0 eng d
020 _a9781003547105
037 _aEBOOK
040 _aCRL
040 _beng
040 _cCRL
041 _2eng
041 _aeng
084 _qCRL
100 _aR.B. Appleton
_91228326
245 4 _aThe Elements of Greek Philosophy
245 0 _bFrom Thales to Aristotle
260 _bTaylor and Francis
260 _c1922
365 _a
365 _b135
856 _uhttp://www.taylorfrancis.com/books/9781003547105
942 _cEBOOK
999 _c1838688
_d1838688